[Event "African Online-ch O50-Seniors 2021"]
[Site "Online"]
[Date "2021.02.01"]
[Round "6.5"]
[White "Flora, Francisco Jose Estev"]
[Black "Belabbas, Haddouche"]
[Result "0-1"]
[WhiteElo "1808"]
[BlackElo "1776"]
[Annotator "NA RC"]
[PlyCount "74"]
[EventDate "2021.02.01"]
[EventType "swiss"]
[EventCountry "NET"]
[SourceTitle "playchess.com"]
[Source "ChessBase"]
[SourceQuality "1"]
[TimeControl "1500+10"]

1. d4 {[%emt 0:00:00]} Nf6 {[%emt 0:00:06]} 2. c4 {[%emt 0:00:20]} d6 {[%emt 0:00:07]} 3. Nf3 {[%emt 0:00:22]} g6 {[%emt 0:00:06]} 4. g3 {[%emt 0:00:24]} Bg7 {[%emt 0:00:05]} 5. Bg2 {[%emt 0:00:13]} O-O {[%emt 0:00:09]} 6. O-O {[%emt 0:00:15]} Nc6 {[%emt 0:00:10]} 7. Nc3 {[%emt 0:00:46]} Bg4 {[%emt 0:00:07]} 8. h3 {[%emt 0:01:14]} Bxf3 {[%emt 0:00:05]} 9. Bxf3 {[%emt 0:00:20]} Nd7 {[%emt 0:00:08]} 10. e3 {[%emt 0:02:45]} e5 {[%emt 0:00:09]} 11. d5 {[%emt 0:00:29]} Ne7 {[%emt 0:01:35]} 12. Bg2 {[%emt 0:00:56]} f5 {[%emt 0:00:43]} 13. f4 {[%emt 0:00:21]} e4 {[%emt 0:00:26]} 14. Nb5 {[%emt 0:01:09]} Nc5 {[%emt 0:05:59]} 15. Nd4 {[%emt 0:00:27]} a5 {[%emt 0:01:40]} 16. Rb1 {[%emt 0:00:42]} Qd7 {[%emt 0:01:18]} 17. b3 {[%emt 0:00:25]} c6 {[%emt 0:02:50]} 18. dxc6 {[%emt 0:01:35]} bxc6 {[%emt 0:01:18]} 19. Bb2 {[%emt 0:00:28]} Nd3 {[%emt 0:00:19]} 20. Ba1 {[%emt 0:00:21]} Rfb8 {[%emt 0:02:29]} 21. Bf3 {[%emt 0:00:24]} Nb4 {[%emt 0:02:42]} 22. Be2 {[%emt 0:00:49]} Nxa2 {[%emt 0:00:05]} 23. Qd2 {[%emt 0:00:39]} Nb4 {[%emt 0:00:05]} 24. Rfd1 {[%emt 0:00:24]} d5 {[%emt 0:00:51]} 25. Nc2 {[%emt 0:01:16]} Qe6 {[%emt 0:01:04]} 26. Bxg7 {[%emt 0:00:39]} Kxg7 {[%emt 0:00:06]} 27. Nxb4 {[%emt 0:00:39]} Rxb4 {[%emt 0:00:10]} 28. cxd5 {[%emt 0:02:00]} cxd5 {[%emt 0:00:29]} 29. Rdc1 {[%emt 0:00:30]} Qb6 {[%emt 0:00:42]} 30. Qc3+ {[%emt 0:00:50]} Kf7 {[%emt 0:00:19]} 31. Qc5 {[%emt 0:01:03]} Qxc5 {[%emt 0:00:07]} 32. Rxc5 {[%emt 0:00:16]} a4 {[%emt 0:00:03]} 33. Rb5 {[%emt 0:00:49]} Rb8 {[%emt 0:00:12]} 34. Rxb8 {[%emt 0:00:20]} Rxb8 {[%emt 0:00:05]} 35. Bd1 {[%emt 0:00:05]} axb3 {[%emt 0:00:10]} 36. Rxb3 {[%emt 0:00:33]} Rxb3 {[%emt 0:00:04]} 37. Bc2 {[%emt 0:00:06]} Rxe3 {[%emt 0:00:06]} 0-1

[Event "African Online-ch O50-Seniors 2021"]
[Site "Online"]
[Date "2021.02.01"]
[Round "7.2"]
[White "Ohlson, Cecil"]
[Black "Flora, Francisco Jose Estev"]
[Result "1-0"]
[WhiteElo "1652"]
[BlackElo "1808"]
[Annotator "NA RC"]
[PlyCount "47"]
[EventDate "2021.02.01"]
[EventType "swiss"]
[EventCountry "NET"]
[SourceTitle "playchess.com"]
[Source "ChessBase"]
[SourceQuality "1"]
[TimeControl "1500+10"]

1. e4 {[%emt 0:00:00]} c5 {[%emt 0:00:19]} 2. d3 {[%emt 0:00:04]} d6 {[%emt 0:00:24]} 3. f4 {[%emt 0:00:02]} Nc6 {[%emt 0:00:21]} 4. Be2 {[%emt 0:00:04]} Nf6 $11 {[%emt 0:00:25]} 5. Nf3 {[%emt 0:00:04]} g6 {[%emt 0:00:22]} 6. O-O {[%emt 0:00:02]} Bg7 {[%emt 0:00:14]} 7. Qe1 {[%emt 0:00:03]} O-O {[%emt 0:00:24]} 8. Qh4 {[%emt 0:00:02]} Qc7 {[%emt 0:00:32]} 9. f5 {[%emt 0:01:27]} Nd4 {[%emt 0:00:26]} 10. Bd1 {[%emt 0:00:10]} Nxf3+ {[%emt 0:00:35]} 11. Rxf3 {[%emt 0:02:12]} Bd7 {[%emt 0:00:50]} 12. Bh6 {[%emt 0:00:19]} Qb6 {[%emt 0:00:56]} 13. Nd2 {[%emt 0:00:57]} Bc6 {[%emt 0:04:13]} 14. Nc4 {[%emt 0:00:29]} Qc7 {[%emt 0:00:22]} 15. Rh3 {[%emt 0:02:34]} b5 {[%emt 0:01:37]} 16. Ne3 {[%emt 0:00:04]} c4 {[%emt 0:02:13]} 17. Bxg7 {[%emt 0:01:26]} Kxg7 {[%emt 0:00:14]} 18. Qh6+ {[%emt 0:00:10]} Kg8 {[%emt 0:00:24]} 19. Ng4 {[%emt 0:01:08]} Qb6+ {[%emt 0:00:39]} 20. Kh1 {[%emt 0:00:27]} Nh5 {[%emt 0:00:10]} 21. Rxh5 {[%emt 0:00:44]} gxh5 {[%emt 0:00:57]} 22. f6 {[%emt 0:00:10]} exf6 {[%emt 0:00:23]} 23. Nxf6+ {[%emt 0:00:05]} Kh8 {[%emt 0:00:09]} 24. Qxh7# {[%emt 0:00:03]} 1-0

[Event "African Online-ch O50-Seniors 2021"]
[Site "Online"]
[Date "2021.02.01"]
[Round "7.3"]
[White "Kpodo, Evans Mawuko"]
[Black "De Villiers, Charles"]
[Result "0-1"]
[WhiteElo "1654"]
[BlackElo "2110"]
[Annotator "TA"]
[PlyCount "62"]
[EventDate "2021.02.01"]
[EventType "swiss"]
[EventCountry "NET"]
[SourceTitle "playchess.com"]
[Source "ChessBase"]
[SourceQuality "1"]

{[%evp 9,62,-35,-18,-21,-19,-42,-37,-47,-40,-62,-39,-42,-20,-68,-61,-35,-37,-122,-130,-163,-139,-125,-121,-150,-152,-910,-890,-1143,-1114,-1049,-936,-1037,-1014,-975,-907,-1045,-1042,-1333,-1320,-1905,-1902,-1885,-1875,-29989,-29990,-29994,-29995,-29995,-29992,-29996,-29994,-29997,-29995,-29996,-29997]} 1. c4 e5 2. Nc3 d6 3. Nf3 f5 4. e4 Nf6 5. Qc2 g6 6. d3 {A21: English Opening: 1...e5 2 Nc3.} Bg7 7. Bg5 {[#]} h6 $146 ({Predecessor:} 7... O-O 8. O-O-O h6 9. Bd2 Ng4 10. Be1 c5 11. h3 Nf6 12. exf5 gxf5 13. Be2 Nc6 {1-0 (40) Ivlev,A (2081)-Samchenko,S (1484) Astrakhan 2013}) 8. Bd2 {Black is slightly better.} Nc6 9. a3 O-O 10. Be2 Be6 11. O-O-O a6 12. exf5 gxf5 13. Kb1 {[#]} (13. Be3 $15) 13... e4 $1 $17 {[%cal Re4f3]} 14. Ne1 Nd4 15. Qc1 Kh7 16. h3 b5 17. Nd5 $2 {[#] Loses the game.} (17. Be3 $17 c5 18. g4) 17... Nxe2 $19 18. Nxf6+ Qxf6 19. Bc3 Nxc3+ 20. Qxc3 Qxc3 21. bxc3 Bxc3 22. c5 dxc5 23. dxe4 fxe4 24. f3 Rad8 25. Rxd8 Rxd8 26. Kc2 b4 {[%cal Bb5b4,Bb4a3,Ba3a2][%mdl 32] Black mates.} 27. fxe4 Rd2+ 28. Kc1 bxa3 29. Nf3 Rxg2 30. Ne1 Bxe1 31. Rxe1 a2 {[%cal Ra2a1] Weighted Error Value: White=0.99/Black=0.09} 0-1

[Event "African Online-ch O50-Seniors 2021"]
[Site "Online"]
[Date "2021.02.01"]
[Round "7.4"]
[White "Mukabi, John"]
[Black "Molapo, Joang"]
[Result "1-0"]
[WhiteElo "1820"]
[BlackElo "1607"]
[Annotator "NA RC"]
[PlyCount "93"]
[EventDate "2021.02.01"]
[EventType "swiss"]
[EventCountry "NET"]
[SourceTitle "playchess.com"]
[Source "ChessBase"]
[SourceQuality "1"]
[TimeControl "1500+10"]

1. e4 {[%emt 0:00:00]} c5 {[%emt 0:00:06]} 2. Nc3 {[%emt 0:00:07]} d6 {[%emt 0:00:06]} 3. f4 {[%emt 0:00:06]} Nf6 {[%emt 0:00:06]} 4. Nf3 {[%emt 0:00:12]} Nc6 {[%emt 0:00:05]} 5. g3 {[%emt 0:00:18]} e6 {[%emt 0:00:15]} 6. Bg2 {[%emt 0:00:07]} Be7 {[%emt 0:00:05]} 7. d3 {[%emt 0:00:06]} O-O {[%emt 0:00:08] 7...0-0 is better than 7...a6.} 8. O-O {[%emt 0:00:06]} a6 {[%emt 0:00:10]} 9. a4 {[%emt 0:00:18]} Qc7 {[%emt 0:00:07]} 10. Ne2 {[%emt 0:00:22]} Rd8 {[%emt 0:00:15]} 11. h3 {[%emt 0:00:18]} Rb8 {[%emt 0:01:15]} 12. g4 {[%emt 0:01:26]} b5 {[%emt 0:00:25]} 13. axb5 {[%emt 0:00:09]} axb5 {[%emt 0:00:12] [#]} 14. Bd2 $146 {[%emt 0:00:11]} ({Predecessor:} 14. f5 Nd7 15. g5 Nde5 16. Nxe5 Nxe5 17. f6 Bf8 18. fxg7 Bxg7 19. Nf4 Ng6 20. Nh5 {1-0 (41) Kulesza,M (2253)-Beil,M (2176) Frydek Mistek 2004}) 14... b4 {[%emt 0:00:56]} 15. Ng3 {[%emt 0:00:42]} Qb6 {[%emt 0:06:17]} 16. Kh1 {[%emt 0:00:25]} Nd4 {[%emt 0:01:24]} 17. g5 {[%emt 0:00:37]} Nd7 {[%emt 0:00:05]} 18. Nh2 {[%emt 0:10:37]} b3 {[%emt 0:01:32]} 19. c3 {[%emt 0:00:52]} Nc2 {[%emt 0:00:41]} 20. Rb1 {[%emt 0:00:07]} Ba6 {[%emt 0:00:13]} 21. Rf3 {[%emt 0:00:43]} ({White should try} 21. c4 $14) 21... Bb7 {[%emt 0:01:08]} 22. Ng4 {[%emt 0:01:05]} d5 {[%emt 0:00:18]} 23. Qe2 {[%emt 0:00:23]} dxe4 {[%emt 0:00:12]} 24. dxe4 {[%emt 0:00:12]} Ba6 {[%emt 0:00:25]} 25. Qf2 {[%emt 0:00:24]} c4 {[%emt 0:00:41]} 26. Ne3 {[%emt 0:00:20]} Bc5 {[%emt 0:00:16]} 27. Ngf1 {[%emt 0:00:24]} Nf8 {[%emt 0:00:14]} 28. Qe2 {[%emt 0:01:03]} Ng6 {[%emt 0:00:39]} 29. Rc1 {[%emt 0:00:08]} Nh4 {[%emt 0:04:15]} 30. Rg3 {[%emt 0:00:50]} Rxd2 {[%emt 0:04:03]} 31. Qxd2 {[%emt 0:00:08]} Rd8 {[%emt 0:00:12]} 32. Qe2 {[%emt 0:00:16] [#]} Rd3 {[%emt 0:00:07]} (32... Ng6 $1 $17 {[%cal Rg6f4]} 33. Nxc2 bxc2) 33. Nxc2 {[%emt 0:00:18] Remove Defender} bxc2 {[%emt 0:00:20]} 34. Qxc2 {[%emt 0:00:16]} Rxg3 {[%emt 0:00:21]} 35. Nxg3 {[%emt 0:00:08]} Nxg2 {[%emt 0:00:23]} 36. Kxg2 {[%emt 0:00:09]} Be3 {[%emt 0:00:45]} 37. Rf1 {[%emt 0:00:07]} Bb7 {[%emt 0:00:11]} 38. Kh2 {[%emt 0:01:16]} g6 $18 {[%emt 0:00:18]} 39. Rf3 {[%emt 0:00:40]} Bg1+ {[%emt 0:00:19]} 40. Kg2 {[%emt 0:00:04]} Bc5 {[%emt 0:00:08]} 41. Qd2 {[%emt 0:00:16]} Qa5 {[%emt 0:00:18]} 42. Rf1 {[%emt 0:00:17]} Kg7 {[%emt 0:00:33]} 43. Kh2 {[%emt 0:00:26]} Qb6 {[%emt 0:00:06]} 44. Rd1 {[%emt 0:00:26]} Bc6 {[%emt 0:00:53]} 45. h4 {[%emt 0:00:07]} Be3 {[%emt 0:00:49]} 46. Qd8 {[%emt 0:00:11]} Qxb2+ {[%emt 0:00:09]} 47. Kh3 {[%emt 0:00:29]} 1-0

[Event "African Online-ch O50-Seniors 2021"]
[Site "Online"]
[Date "2021.02.01"]
[Round "7.5"]
[White "Slami, Zoheir"]
[Black "Fernandes, Luis De Pina"]
[Result "1-0"]
[WhiteElo "1932"]
[BlackElo "1601"]
[Annotator "TA"]
[PlyCount "161"]
[EventDate "2021.02.01"]
[EventType "swiss"]
[EventCountry "NET"]
[SourceTitle "playchess.com"]
[Source "ChessBase"]
[SourceQuality "1"]

{[%evp 15,161,8,17,14,21,3,11,-29,1,-6,0,0,0,0,0,0,0,-9,-9,-9,-6,-9,41,0,0,-10,0,-20,-24,-25,-7,-6,-10,-7,-11,-41,-49,-126,-124,-178,-75,-75,-75,-79,-90,-72,-86,-195,-91,-91,-91,-91,-91,-764,0,-29,0,0,0,0,0,0,-2,-242,-222,-212,-179,-357,0,0,0,0,0,0,0,0,0,0,191,191,177,0,18,0,122,18,29953,29953,29954,18,5546,123,152,215,29957,867,29956,12586,29964,6087,29989,6095,29977,29978,29978,29977,29977,29978,29978,29979,29979,29980,29980,29974,29974,0,29979,29980,29980,29981,29981,29982,29982,29983,29983,29984,29986,29987,29987,29987,29987,29988,29988,29989,29989,29990,29990,29988,29990,29991,29991,29992,29992,29993,29993,29994,29995,29995]} 1. d4 Nf6 2. c4 g6 3. e3 Bg7 4. Nf3 O-O 5. Be2 d6 6. O-O Nbd7 7. Nc3 e5 8. dxe5 Nxe5 9. Nxe5 {E61: King's Indian: Early deviations for White, including Smyslov System.} dxe5 10. Qxd8 Rxd8 11. Rd1 {The position is equal.} Be6 12. Bd2 Bf5 {next ...Bc2 is good for Black.} 13. Be1 {[#]} Bc2 $146 ({Predecessor:} 13... c6 14. f3 Bh6 15. Kf2 Bc2 16. Rxd8+ Rxd8 17. Bd1 Bf5 18. g4 Be6 19. Be2 Bf8 {0-1 (73) Myftaraj,Y (1542)-Mazzoccoli,S (1760) Milan 2015}) 14. Rxd8+ Rxd8 15. Rc1 Bf5 16. Rd1 Rxd1 17. Bxd1 Bd3 18. b3 Nd7 19. f3 c6 20. Kf2 f5 21. Bd2 e4 22. fxe4 fxe4 23. Bg4 Ne5 24. Bc8 b6 25. h3 Kf7 26. Ne2 (26. Ke1 $15) 26... Bb1 $1 $17 27. a3 (27. a4 $17) 27... Bc2 (27... Ba2 $1 $19 {and Black stays clearly on top.} 28. c5 Bxb3 29. cxb6 axb6) 28. Nd4 Nd3+ 29. Ke2 Bxd4 30. exd4 Bxb3 {[%mdl 4096] Endgame KBB-KBN} 31. Ke3 (31. c5 $17) 31... Bxc4 (31... Nb2 $1 $19 {is more deadly.} 32. c5 Nc4+ 33. Ke2 Nxa3 34. cxb6 axb6) 32. Kxe4 Nb2 33. Ke5 Bd5 {Hoping for ...Nc4+.} 34. g4 $2 {[%mdl 8192]} (34. Ba6 $17) 34... Nd3+ $2 (34... Nc4+ $19 35. Kf4 Nxd2) 35. Kd6 $11 Nb2 (35... Nf2 $5 {[%cal Rf2e4]} 36. Be3 Ne4+ 37. Kc7 Nc3 $11) 36. Bc1 Nc4+ 37. Kc7 Na5 38. Kb8 Nb3 39. Be3 (39. Bb2 $1 $11) 39... a5 $19 40. Kc7 b5 41. Bb7 $2 (41. Bf4 {is a better defense.}) 41... Na1 $2 (41... a4 $1 $19 {Threatens to win with ...b4!} 42. Bf4 (42. Bxc6 $2 Bxc6 43. Kxc6 b4 $19 {[%mdl 64] Promotion}) 42... b4) 42. Bxc6 $11 Bxc6 43. Kxc6 {KB-KN} b4 44. axb4 axb4 {And now ...Nc2 would win.} 45. d5 {d6 is the strong threat.} Nc2 46. Bc1 Ke8 $2 (46... b3 $11 47. d6 Nb4+ 48. Kc7 Ke6) 47. Kc7 $1 $18 {Strongly threatening Bb2.} Nd4 48. d6 $2 (48. Bb2 $18 Nb3 49. Kc6) 48... Ne6+ 49. Kc6 b3 (49... Nd4+ $11 50. Kd5 Ne2) 50. Bb2 (50. d7+ $1 $16 Ke7 51. Ba3+ Kf6 52. Bb2+ Kg5 53. Kd5) 50... Kd8 $2 {[%mdl 8192]} (50... Nf8 $11) 51. Bf6+ Ke8 52. h4 $2 (52. d7+ $1 {mates} Kf7 53. g5 h6 54. h4 hxg5 55. hxg5 Kf8 56. Kd5 Kf7 57. Kd6) 52... Kf7 $2 {[%mdl 8192]} (52... Nf8 $11) 53. Bb2 $2 (53. g5 $18 {is the precise move to win. Black must now prevent d7.} Nd8+ 54. Kd7 (54. Bxd8 b2 $11)) 53... Ke8 $16 {[#]} 54. d7+ $1 Kf7 $2 (54... Ke7 $18 55. Bc3 g5) 55. Kd6 (55. g5 $142 Nd8+ 56. Kc7 Ne6+ 57. Kd6 Nd8 58. Bf6 Ne6 59. Kd5 Nd8 60. Bxd8) 55... Nd8 56. g5 Ne6 57. Bf6 h6 58. Kc6 (58. gxh6 $142 Kxf6 59. h7 Kf5 60. h8=Q b2 61. Qe5+ {[%mdl 64] Double Attack} Kg4 62. Qxe6+ {[%mdl 64] Double Attack} Kf3 63. Qxg6) 58... hxg5 59. hxg5 Kf8 60. Kd6 Kf7 61. Bb2 Nd8 62. Kc7 Ne6+ {[#]} 63. Kc8 $1 Ke7 64. Ba3+ Kf7 65. Bb2 Ke7 {intending ...Kd6.} 66. Be5 {White mates.} Kf7 67. Bf6 Kf8 68. d8=Q+ Nxd8 69. Kxd8 {KB-KPP} Kf7 70. Kd7 Kg8 71. Ke7 Kh7 72. Bb2 Kg8 73. Bd4 Kh7 74. Kf6 Kg8 75. Kxg6 {KB-KP} Kf8 76. Kh7 Kf7 77. g6+ Ke6 78. g7 Kd5 79. Bb2 Kc4 80. g8=Q+ Kd3 81. Qxb3+ {Both players deserved the win here.  Weighted Error Value: White=0.73/Black=1.15} 1-0

[Event "African Online-ch O50-Seniors 2021"]
[Site "Online"]
[Date "2021.02.01"]
[Round "8.2"]
[White "Molapo, Joang"]
[Black "Slami, Zoheir"]
[Result "0-1"]
[WhiteElo "1607"]
[BlackElo "1932"]
[Annotator "TA"]
[PlyCount "72"]
[EventDate "2021.02.01"]
[EventType "swiss"]
[EventCountry "NET"]
[SourceTitle "playchess.com"]
[Source "ChessBase"]
[SourceQuality "1"]

{[%evp 25,71,0,6,-4,0,0,9,0,0,-12,-18,-23,-20,-489,-481,-493,-487,-818,-512,-490,-460,-882,-879,-5198,-5186,-5669,-5221,-29978,-29977,-4981,-1188,-29973,-29973,-29986,-756,-841,-745,-29992,-5261,-29992,-29993,-29996,-29976,-29997,-29998,-29998,-29999,-29999]} 1. d4 d5 2. c4 e6 3. Nc3 Nf6 4. cxd5 exd5 5. Bg5 Nbd7 6. e3 c6 7. Qc2 Be7 8. Bd3 h6 9. Bh4 O-O 10. Nge2 Re8 11. h3 Ne4 12. Bxe7 Qxe7 13. O-O Ndf6 {[#]} 14. Rab1 $146 {D36: Queen's Gambit Declined: Exchange Variation: Main line (5 Bg5 c6 6 Qc2).} ({Predecessor:} 14. Rae1 Nxc3 15. bxc3 Ne4 16. f3 Nd6 17. e4 Bd7 18. e5 Nc8 19. f4 c5 20. Ng3 Nb6 21. Qf2 cxd4 {1-0 (30) Martin,B (2270)-Van der Hoorn,M North Island 1990}) 14... Bf5 15. b4 Bg6 16. b5 {The position is equal.} Rac8 17. bxc6 Rxc6 {Strongly threatening ...Nxc3.} 18. Rb3 Rec8 {And now ...Nxc3 would win.} 19. Qb2 {[%mdl 8192]} (19. Bxe4 $11 Bxe4 20. Qd2) 19... Nxc3 $19 {[%mdl 64] [#] Discovered Attack} 20. Nxc3 Bxd3 21. Rxb7 (21. Nxd5 $142 Nxd5 22. Rxd3) 21... Qxb7 22. Qxb7 Bxf1 (22... Rxc3 $2 23. Ra1 $19) 23. Kxf1 (23. Nxd5 $142 Nxd5 24. Kxf1) 23... Rxc3 24. Qxa7 Rc1+ 25. Ke2 Ne4 {( -> ...R8c2+)} 26. Kf3 R1c2 27. Kg4 Nxf2+ (27... Rxf2 $142 28. h4 Rxg2+ 29. Kf4 Rf2+ 30. Ke5 Re8+ 31. Kxd5 Rc2 32. Qb6 Nf6+ {[%mdl 64] Discovered Attack} 33. Qxf6 gxf6 34. a4 Kg7 35. h5 f5 36. e4 Rxe4 37. Kd6 Rc8 38. Kd7 Ree8 39. a5 Kf6 40. Kd6 Red8#) 28. Kf5 Re8 29. Qa4 Rcc8 (29... Re4 $142 30. Qa8+ Kh7 31. Qxd5 g6+ 32. Kf6 {[#]} Ng4+ $1 {[%mdl 576] Discovered Attack, Clearance} 33. hxg4 Rf2+ 34. Qf5 gxf5 35. g5 Rxg2 36. gxh6 Re6+ 37. Kxf5 Rf2+ 38. Kg4 Rg6+ 39. Kh3 Rf5 40. Kh4 Rf1 41. Kh5 Rh1#) 30. Qd7 Rcd8 31. Qb5 Rxe3 (31... Re4 $142 32. Qb6 g6+ 33. Qxg6+ fxg6+ 34. Kxg6 Rd6+ 35. Kh5 Kg7 36. g3 Nxh3 37. a3 Rg6 38. g4 Rgxg4 39. a4 Rh4#) 32. a4 Re4 {Black mates.} 33. Qc6 Rde8 34. Qxd5 g6+ 35. Kf6 R8e6+ 36. Qxe6 Rxe6# {White got outplayed after the opening.  Weighted Error Value: White=2.01/Black=0.83} 0-1

[Event "African Online-ch O50-Seniors 2021"]
[Site "Online"]
[Date "2021.02.01"]
[Round "8.3"]
[White "De Villiers, Charles"]
[Black "Mukabi, John"]
[Result "1/2-1/2"]
[WhiteElo "2110"]
[BlackElo "1820"]
[Annotator "TA"]
[PlyCount "146"]
[EventDate "2021.02.01"]
[EventType "swiss"]
[EventCountry "NET"]
[SourceTitle "playchess.com"]
[Source "ChessBase"]
[SourceQuality "1"]

{[%evp 15,146,10,37,30,47,19,38,50,57,59,58,79,79,54,106,106,106,106,121,118,137,110,114,76,117,104,117,117,117,117,117,117,117,117,117,97,117,117,123,75,75,75,91,83,90,63,105,105,105,90,100,92,92,92,94,101,108,108,116,89,89,71,126,126,126,126,236,237,240,218,1058,1007,5193,2639,29952,12848,5535,5518,29975,29973,29971,452,414,65,65,65,65,65,65,65,65,65,65,65,65,0,0,0,0,0,0,0,0,0,0,0,0,0,0,0,0,0,0,0,0,0,0,0,0,0,0,0,0,0,0,0,0,0,0,0,0,0,0]} 1. d4 d5 2. Bf4 Nf6 3. e3 e6 4. Nd2 c5 5. c3 Nc6 6. Ngf3 Be7 7. Ne5 O-O 8. Bd3 Bd7 {8...Nd7 is becoming the main line.} 9. Qf3 {D02: 1 d4 d5 2 Nf3 sidelines, including 2...Nf6 3 g3 and 2...Nf6 3 Bf4.} Rc8 10. g4 {[#]} Nxe5 $146 ({Predecessor:} 10... cxd4 11. exd4 Nxe5 12. Bxe5 Ne8 13. h4 f6 14. Bf4 Qb6 15. g5 f5 16. Rb1 Nd6 {1-0 (43) Balinski,D (2201)-Kowalczyk,R (2158) Wroclaw 2015}) 11. dxe5 {White is slightly better.} Ne4 12. Nxe4 dxe4 13. Bxe4 Bc6 14. O-O Qc7 (14... Bxe4 $14 15. Qxe4 Qc7) 15. Bxc6 $16 Qxc6 16. Qxc6 Rxc6 17. Rfd1 Rfc8 18. c4 Kf8 19. Rd7 R6c7 20. Rad1 (20. Rxc7 {is interesting.} Rxc7 21. Kf1 Rd7 22. Ke2 Bd8 23. Bg3) 20... Ke8 21. Rxc7 Rxc7 {[%mdl 4096] Endgame KRB-KRB} 22. Kf1 Rd7 23. Rxd7 Kxd7 {KB-KB} 24. Ke2 Kc6 25. Kd3 a6 26. Bg3 b5 27. cxb5+ axb5 28. b3 Kd5 29. e4+ Kc6 30. h4 g5 31. hxg5 Bxg5 32. Kc3 Bd8 33. f4 Ba5+ 34. Kd3 Bd8 35. Be1 Kb6 36. Bc3 Kc6 37. g5 Kb6 38. Ke3 Kc6 ({Black should play} 38... Ka6) 39. Kf3 Kd7 40. Kg4 Ke8 (40... Be7 $16 {was necessary.}) 41. Kh5 $18 {aiming for Kh6.} Kf8 42. a4 bxa4 (42... b4 43. Bb2 Bb6) 43. bxa4 Bb6 44. Kh6 Kg8 45. a5 Ba7 46. f5 Kh8 47. g6 hxg6 48. fxg6 (48. fxe6 $142 fxe6 49. Kxg6 Kg8 50. Kf6 Kf8 51. Kxe6 Ke8 52. Kd5 Kd7 53. a6) 48... Kg8 49. gxf7+ $2 (49. Be1 $18 Bb8 50. Bd2) 49... Kxf7 $14 50. Kh7 c4 51. Kh6 Ke7 52. Kg5 Be3+ 53. Kg4 Kd7 54. Kf3 Bc5 55. Bd2 (55. Kf4 $1 $14) 55... Kc6 $11 {The position is equal.} 56. Be3 c3 57. Bxc5 Kxc5 {K3P-KPP} 58. Ke3 Kc4 {[#] White must now prevent ...Kb3.} 59. a6 {White threatens a7 and mate.} Kb3 $1 {( -> ...c2)} 60. a7 c2 61. a8=Q {Threatening mate with Qc6.} c1=Q+ {KQ-KQ} 62. Kf3 {Qb7+ is the strong threat.} Qh1+ 63. Kf4 {And now Qb7+ would win.} Qh6+ (63... Qh4+ {looks sharper.} 64. Kf3 Qh3+ 65. Kf2 Qh2+ 66. Kf3 Qh3+) 64. Kg4 Qg6+ 65. Kf3 Qh5+ {[%mdl 64] [#] Double Attack} 66. Ke3 {Threatens to win with Qb7+.} Qh3+ 67. Kf4 Qh6+ 68. Kf3 Qh3+ 69. Ke2 Qg2+ 70. Ke3 {Strongly threatening Qb8+.} Qg3+ 71. Ke2 Qg2+ 72. Ke3 {Hoping for Qb8+.} Qg3+ 73. Ke2 Qg2+ {Blacks defense is rewarded with a draw.  Weighted Error Value: White=0.34/Black=0.47} 1/2-1/2

[Event "African Online-ch O50-Seniors 2021"]
[Site "Online"]
[Date "2021.02.01"]
[Round "8.4"]
[White "Flora, Francisco Jose Estev"]
[Black "Kpodo, Evans Mawuko"]
[Result "1-0"]
[WhiteElo "1808"]
[BlackElo "1654"]
[Annotator "NA RC"]
[PlyCount "85"]
[EventDate "2021.02.01"]
[EventType "swiss"]
[EventCountry "NET"]
[SourceTitle "playchess.com"]
[Source "ChessBase"]
[SourceQuality "1"]
[TimeControl "1500+10"]

1. e4 {[%emt 0:00:00]} c5 {[%emt 0:00:30]} 2. Nf3 {[%emt 0:00:20]} Nc6 {[%emt 0:00:10]} 3. d4 {[%emt 0:00:24]} cxd4 {[%emt 0:00:05]} 4. Nxd4 {[%emt 0:00:18]} Nf6 {[%emt 0:00:07]} 5. Nc3 {[%emt 0:00:14]} e5 {[%emt 0:00:24]} 6. Ndb5 {[%emt 0:00:32]} d6 {[%emt 0:00:05]} 7. Nd5 {[%emt 0:00:30]} Nxd5 {[%emt 0:00:05]} 8. exd5 {[%emt 0:00:22]} Ne7 {[%emt 0:01:03]} 9. c4 {[%emt 0:00:23]} Ng6 {[%emt 0:00:11]} 10. Be2 {[%emt 0:01:19]} a6 {[%emt 0:00:09]} 11. Nc3 {[%emt 0:00:15]} Be7 {[%emt 0:00:06]} 12. O-O {[%emt 0:00:26]} O-O {[%emt 0:00:06]} 13. Be3 {[%emt 0:00:51]} Bd7 {[%emt 0:00:14]} 14. Qd2 {[%emt 0:02:46]} f5 {[%emt 0:01:00]} 15. f3 {[%emt 0:01:20]} f4 {[%emt 0:00:22]} 16. Bf2 {[%emt 0:00:23]} Bh4 {[%emt 0:00:06]} 17. Bd3 {[%emt 0:00:51]} Bf5 {[%emt 0:00:28]} 18. Ne4 {[%emt 0:00:37]} Bxf2+ {[%emt 0:00:26]} 19. Qxf2 {[%emt 0:00:24]} Rc8 {[%emt 0:00:51]} 20. Rac1 {[%emt 0:00:37]} Bxe4 {[%emt 0:00:56]} 21. Bxe4 {[%emt 0:00:30]} Rf6 {[%emt 0:00:40]} 22. b4 {[%emt 0:00:37]} b6 {[%emt 0:01:42]} 23. Rc2 {[%emt 0:01:30]} Ne7 {[%emt 0:06:22]} 24. Rfc1 {[%emt 0:00:33]} Nf5 {[%emt 0:00:27]} 25. Bxf5 {[%emt 0:00:30]} Rxf5 {[%emt 0:00:07]} 26. a4 {[%emt 0:00:58]} Rf7 {[%emt 0:01:37]} 27. Qd2 {[%emt 0:01:09]} Rfc7 {[%emt 0:01:56]} 28. Qd3 {[%emt 0:00:42]} Qd7 {[%emt 0:00:48]} 29. a5 {[%emt 0:02:47]} bxa5 {[%emt 0:00:36]} 30. bxa5 {[%emt 0:00:20]} Rc5 {[%emt 0:00:12]} 31. Rb2 {[%emt 0:01:50]} Qc7 {[%emt 0:00:14]} 32. Rb6 {[%emt 0:01:19]} Rxa5 {[%emt 0:00:23]} 33. Rc6 {[%emt 0:00:33]} Qa7+ {[%emt 0:00:06]} 34. Kh1 {[%emt 0:00:51]} Qd7 {[%emt 0:01:04]} 35. Rb6 {[%emt 0:01:02]} Qd8 {[%emt 0:01:29]} 36. Rb7 {[%emt 0:00:38]} Rac5 {[%emt 0:00:46]} 37. h3 {[%emt 0:00:20]} R5c7 {[%emt 0:01:17]} 38. Rcb1 {[%emt 0:00:36]} Rxc4 {[%emt 0:00:40]} 39. Qf5 {[%emt 0:00:19]} Rc1+ {[%emt 0:00:42]} 40. Rxc1 {[%emt 0:00:14]} Rxc1+ {[%emt 0:00:06]} 41. Kh2 {[%emt 0:00:06]} Rc7 {[%emt 0:00:18]} 42. Qe6+ {[%emt 0:00:11]} Kh8 {[%emt 0:00:08]} 43. Rxc7 {[%emt 0:00:21]} 1-0